000 00300nam a22001337a 4500
008 260105b ||||| |||| 00| 0 eng d
020 _a9789951581394
041 _aeng
080 _a004.2
100 _a24
101 _arad
245 _aRadio nga valet ne rrjet
_cGjylie Rexha
942 _2lcc
_cBK
999 _c60746
_d60746